[Event "SERBIA CHESS OPEN 2021 - MASTERS"]
[Site "Belgrade, Hotel Metropol"]
[Date "2021.07.03"]
[Round "3.126"]
[White "Boucquet, Emile"]
[Black "Velikic, Adela"]
[Result "1-0"]
[WhiteElo "2100"]
[BlackElo "2308"]
[PlyCount "73"]
[EventDate "2021.??.??"]

1. e4 c5 2. d4 cxd4 3. c3 dxc3 4. Nxc3 Nc6 5. Nf3 e6 6. Bc4 a6 7. O-O b5 8. Bb3
Na5 9. Re1 Nxb3 10. Qxb3 Bb7 11. Bf4 Ne7 12. Bd6 Ng6 13. Bxf8 Nxf8 14. a4 Ng6
15. axb5 O-O 16. bxa6 Bxa6 17. Red1 Nf4 18. Kh1 Qf6 19. Rxd7 Bc4 20. Qd1 Nd3
21. Qb1 Nxf2+ 22. Kg1 Nh3+ 23. Kh1 Rxa1 24. Qxa1 Nf4 25. Qd1 Qg6 26. Qd2 Bf1
27. Ne1 e5 28. Rd8 f6 29. Rxf8+ Kxf8 30. Qf2 Bd3 31. Qc5+ Kf7 32. Qc7+ Kf8 33.
Qc8+ Kf7 34. Qb7+ Kg8 35. g3 Qg4 36. gxf4 Qh3 37. Qd5+ 1-0

[Event "SERBIA CHESS OPEN 2021 - MASTERS"]
[Site "Belgrade, Hotel Metropol"]
[Date "2021.07.03"]
[Round "3.127"]
[White "Sterck, Arno"]
[Black "Dimitrijevic, Dusan"]
[Result "0-1"]
[WhiteElo "2319"]
[BlackElo "2122"]
[PlyCount "154"]
[EventDate "2021.??.??"]

1. d4 e6 2. c4 b6 3. e4 Bb7 4. Bd3 Bb4+ 5. Kf1 Bf8 6. Nf3 d6 7. Nc3 Ne7 8. Qe2
Nd7 9. h4 h5 10. Ng5 e5 11. d5 Ng6 12. Bc2 Be7 13. Qf3 Bf6 14. Ba4 Qe7 15. Qf5
O-O-O 16. g3 Kb8 17. b4 Bc8 18. Qf3 Bxg5 19. Bxg5 f6 20. Bd2 Rdf8 21. Kg2 f5
22. exf5 Qf7 23. Nd1 Ne7 24. Ne3 g6 25. f6 Nxf6 26. Rhf1 Nf5 27. Qd1 Ne4 28.
Bc2 Nxd2 29. Qxd2 Nd4 30. Be4 g5 31. hxg5 h4 32. Rh1 Nf3 33. Qe2 Nxg5 34. Nd1
Bh3+ 35. Rxh3 Nxh3 36. Kxh3 hxg3+ 37. Kg2 Rh2+ 38. Kf1 Qf4 39. Bg2 Qh4 40. Qe4
Qxe4 41. Bxe4 gxf2 42. Ne3 Rg8 43. Ke2 f1=Q+ 44. Kxf1 Rf8+ 45. Ke1 Rf4 46. Bg2
b5 47. cxb5 Rxb4 48. Kf2 Rhh4 49. Bf1 Rb2+ 50. Kg3 Re4 51. Nc4 Rc2 52. Na5 Rc3+
53. Kf2 Ra4 54. Nc6+ Kb7 55. Rd1 Rxa2+ 56. Kg1 Kb6 57. Nd8 Rg3+ 58. Kh1 Rg8 59.
Ne6 Ra4 60. Bh3 Ra3 61. Bg2 Kxb5 62. Nxc7+ Kb4 63. Rb1+ Rb3 64. Ra1 a5 65. Na6+
Kb5 66. Bf1+ Kb6 67. Rc1 a4 68. Rc6+ Ka5 69. Nc7 Rb6 70. Rc1 Rb4 71. Bc4 Rc8
72. Ba6 Rxc7 73. Rxc7 Kxa6 74. Rd7 a3 75. Rxd6+ Kb5 76. Rd8 a2 77. Rb8+ Kc5 0-1

[Event "SERBIA CHESS OPEN 2021 - MASTERS"]
[Site "Belgrade, Hotel Metropol"]
[Date "2021.07.03"]
[Round "3.128"]
[White "Krasteva, Beloslava"]
[Black "Radojicic, Aleksandar M"]
[Result "1/2-1/2"]
[WhiteElo "2305"]
[BlackElo "2112"]
[PlyCount "120"]
[EventDate "2021.??.??"]

1. d4 Nf6 2. c4 c5 3. d5 b5 4. cxb5 a6 5. b6 Qxb6 6. Nc3 g6 7. e4 d6 8. Nf3 Bg7
9. Be2 O-O 10. Nd2 a5 11. O-O Ba6 12. Rb1 Bxe2 13. Qxe2 Qa6 14. Nc4 a4 15. f4
Nfd7 16. Be3 Nb6 17. Nxb6 Qxb6 18. e5 dxe5 19. fxe5 Bxe5 20. Bh6 Bd4+ 21. Kh1
Re8 22. d6 e6 23. Nb5 Nd7 24. Nc7 Qxd6 25. Nxa8 Qc6 26. Be3 Bxe3 27. Qxe3 Rxa8
28. Rbd1 Nb6 29. Qf2 Qc7 30. Rc1 Rc8 31. Rc2 Nd5 32. Rfc1 Qe5 33. Rxc5 Rxc5 34.
Rxc5 Qe4 35. Rc1 Nf4 36. Qc2 Qd5 37. Rd1 Qxa2 38. Qc8+ Kg7 39. Qc3+ Kh6 40. Qd4
Nd5 41. h4 a3 42. bxa3 Qxa3 43. Rf1 f5 44. Rf3 Qc1+ 45. Kh2 Qc7+ 46. g3 Qc2+
47. Rf2 Qc3 48. Qxc3 Nxc3 49. Rc2 Ne4 50. Rc6 e5 51. Kg2 Nd2 52. Rc7 e4 53. Kf2
Nf3 54. Ke3 Ne5 55. Kf4 Nd3+ 56. Ke3 Ne5 57. Kf4 Ng4 58. Ra7 Nf6 59. Ke5 Ng4+
60. Kf4 Nf6 1/2-1/2

[Event "SERBIA CHESS OPEN 2021 - MASTERS"]
[Site "Belgrade, Hotel Metropol"]
[Date "2021.07.03"]
[Round "3.129"]
[White "Meier, Volker"]
[Black "Petrusic, Velimir"]
[Result "0-1"]
[WhiteElo "2285"]
[BlackElo "2111"]
[PlyCount "100"]
[EventDate "2021.??.??"]

1. e4 e6 2. d4 d5 3. Nd2 Nf6 4. e5 Nfd7 5. Bd3 c5 6. c3 Nc6 7. Ne2 a5 8. O-O
cxd4 9. cxd4 Nb6 10. Nf3 Be7 11. Re1 a4 12. Nc3 Bd7 13. a3 Na5 14. Bc2 Nac4 15.
h4 h6 16. h5 Qc7 17. Ne2 Rc8 18. Bd3 Na5 19. Bd2 Nb3 20. Rb1 Nc4 21. Bc3 Bb5
22. Bc2 Nca5 23. Nc1 Qc4 24. Re3 Nxc1 25. Rxc1 Nb3 26. Bxb3 Qxb3 27. Qe1 Bc4
28. Nd2 Qb5 29. f4 Bd3 30. Qg3 Bf5 31. Qf3 O-O 32. g4 Bh7 33. Rf1 f6 34. exf6
Rxf6 35. Qg2 Bd6 36. g5 hxg5 37. fxg5 Rxf1+ 38. Nxf1 Be4 39. Qg4 Bf5 40. Qg2
Rf8 41. Ng3 Bg4 42. h6 Bf4 43. Re1 Qd3 44. Nf1 Bh3 45. hxg7 Rf5 46. Qe2 Rxg5+
47. Kh1 Qh7 48. Nh2 Bxh2 49. Qxh2 Bg2+ 50. Kg1 Be4+ 0-1

[Event "SERBIA CHESS OPEN 2021 - MASTERS"]
[Site "Belgrade, Hotel Metropol"]
[Date "2021.07.03"]
[Round "3.130"]
[White "Kruckenhauser, Arthur"]
[Black "Gregoric, Andraz"]
[Result "1/2-1/2"]
[WhiteElo "2283"]
[BlackElo "2107"]
[PlyCount "158"]
[EventDate "2021.??.??"]

1. e4 e5 2. Nf3 Nc6 3. Nc3 Nf6 4. a3 d5 5. Bb5 d4 6. Ne2 Nxe4 7. d3 Nd6 8.
Bxc6+ bxc6 9. Nxe5 Qf6 10. Nf3 c5 11. Bg5 Qf5 12. Ng3 Qd5 13. O-O f6 14. Re1+
Kf7 15. Bf4 h5 16. Ne4 Bg4 17. h3 Qf5 18. Bxd6 Bxd6 19. Nh4 Bxd1 20. Nxf5 Bxc2
21. Nexd6+ cxd6 22. Nxd6+ Kg6 23. Rac1 Bxd3 24. Rxc5 Rab8 25. Rd1 Rhd8 26. Rd5
Rb6 27. Rxd3 Rbxd6 28. Rg3+ Kf7 29. Rxd6 Rxd6 30. Kf1 g5 31. Ke2 Rb6 32. b4 Ke6
33. Rb3 Kd5 34. Kd3 Rc6 35. a4 Rc1 36. b5 Rd1+ 37. Ke2 Ra1 38. b6 axb6 39. Rxb6
Ra2+ 40. Kd3 Rxf2 41. Rb5+ Ke6 42. Kxd4 Rxg2 43. a5 Ra2 44. Ke4 Ra4+ 45. Kf3
Ra3+ 46. Kg2 Ra4 47. Kf3 Ra3+ 48. Kg2 Ra4 49. Rc5 Kf7 50. Rb5 Kg6 51. Rc5 Ra3
52. Rb5 h4 53. Rc5 f5 54. Rc6+ Kh5 55. Rc5 Rg3+ 56. Kh2 f4 57. a6 Ra3 58. Rc6
Ra2+ 59. Kg1 Ra1+ 60. Kg2 Ra2+ 61. Kg1 Ra5 62. Rf6 Ra4 63. Kg2 Ra1 64. Rb6 Ra3
65. Rc6 Ra4 66. Rf6 Ra3 67. Rb6 Ra2+ 68. Kg1 Ra5 69. Rf6 g4 70. Rxf4 g3 71. Rf6
Kg5 72. Rb6 Ra4 73. Kg2 Kf4 74. Rf6+ Ke3 75. Re6+ Kd3 76. Rd6+ Kc3 77. Rc6+ Kb3
78. Rb6+ Kc4 79. Rh6 Kd5 1/2-1/2

[Event "SERBIA CHESS OPEN 2021 - MASTERS"]
[Site "Belgrade, Hotel Metropol"]
[Date "2021.07.03"]
[Round "3.131"]
[White "Akbas, Umut Ata"]
[Black "Velickovic, Sasa"]
[Result "1-0"]
[WhiteElo "2141"]
[BlackElo "2281"]
[PlyCount "71"]
[EventDate "2021.??.??"]

1. d4 c5 2. d5 Nf6 3. c4 g6 4. Nc3 d6 5. e4 Bg7 6. h3 O-O 7. Bg5 e6 8. Bd3 exd5
9. cxd5 a6 10. Nf3 Nbd7 11. O-O h6 12. Bf4 Qe7 13. Re1 Ne8 14. Qd2 g5 15. Bg3
Ne5 16. Nxe5 dxe5 17. Rac1 Bd7 18. Nd1 b5 19. b3 Nd6 20. Ne3 Rfc8 21. Rc2 a5
22. Qc1 a4 23. Qb2 axb3 24. axb3 f6 25. Rd1 f5 26. Bh2 fxe4 27. Be2 Nf5 28.
Nxf5 Bxf5 29. Rcc1 Rab8 30. d6 Qe6 31. d7 Rd8 32. Rxc5 Rxd7 33. Rxd7 Qxd7 34.
Bxe5 Qe7 35. b4 Bxe5 36. Rxe5 1-0

[Event "SERBIA CHESS OPEN 2021 - MASTERS"]
[Site "Belgrade, Hotel Metropol"]
[Date "2021.07.03"]
[Round "3.132"]
[White "Durak, Can"]
[Black "Andreev, Stanislav"]
[Result "1/2-1/2"]
[WhiteElo "2275"]
[BlackElo "2101"]
[PlyCount "132"]
[EventDate "2021.??.??"]

1. d4 d5 2. c4 c6 3. cxd5 cxd5 4. Nc3 Nf6 5. Bf4 e6 6. e3 Be7 7. Nf3 O-O 8. Bd3
Bd7 9. O-O Nc6 10. Ne5 Rc8 11. Rc1 a6 12. Nxd7 Nxd7 13. Qe2 b5 14. a4 Nb4 15.
axb5 Nxd3 16. Qxd3 axb5 17. Qxb5 Rc4 18. Na2 Rxc1 19. Rxc1 Nf6 20. Nb4 Bxb4 21.
Qxb4 Qa8 22. h3 Qa6 23. Be5 Ne4 24. f3 Qd3 25. Qe1 Nf6 26. Qc3 Qb5 27. Bd6 Rd8
28. Bf4 h6 29. b4 Ra8 30. Qc6 Qxc6 31. Rxc6 Ra1+ 32. Kh2 Rb1 33. Rc8+ Kh7 34.
Rb8 g5 35. Bg3 Rb3 36. b5 Rxe3 37. Rb7 Kg6 38. b6 Rb3 39. Bd6 h5 40. Bc5 h4 41.
Re7 Nh5 42. b7 Ng3 43. Kg1 e5 44. dxe5 d4 45. Kf2 Rb1 46. Bxd4 Nf5 47. Rd7 Nxd4
48. Rxd4 Rxb7 49. f4 Kf5 50. fxg5 Rb2+ 51. Kf3 Rb3+ 52. Kf2 Rb2+ 53. Kg1 Kxg5
54. Rg4+ Kf5 55. Rxh4 Kxe5 56. Rg4 f5 57. Rg8 Kf4 58. h4 Ke5 59. Kh2 Kf6 60. h5
Rb7 61. Rg6+ Kf7 62. Kh3 Rb4 63. g4 fxg4+ 64. Rxg4 Rxg4 65. Kxg4 Kg7 66. h6+
Kxh6 1/2-1/2

[Event "SERBIA CHESS OPEN 2021 - MASTERS"]
[Site "Belgrade, Hotel Metropol"]
[Date "2021.07.03"]
[Round "3.133"]
[White "Trippold, Denise"]
[Black "Zenelaj, Samuel"]
[Result "1/2-1/2"]
[WhiteElo "2113"]
[BlackElo "2244"]
[PlyCount "56"]
[EventDate "2021.??.??"]

1. d4 Nf6 2. c4 e6 3. g3 Bb4+ 4. Nd2 d5 5. Bg2 O-O 6. a3 Bd6 7. Ngf3 b6 8. O-O
Bb7 9. Qc2 Nbd7 10. cxd5 exd5 11. b3 c5 12. Bb2 Ba6 13. dxc5 bxc5 14. Rfe1 d4
15. Nc4 Nb6 16. Nfd2 Rc8 17. e3 Bc7 18. Rad1 Re8 19. Bh3 Rb8 20. Na5 Qd6 21.
Ndc4 Nxc4 22. Nxc4 Bxc4 23. Qxc4 Bb6 24. b4 Rbd8 25. bxc5 Qxc5 26. Qxc5 Bxc5
27. exd4 Rxe1+ 28. Rxe1 Bxd4 1/2-1/2

[Event "SERBIA CHESS OPEN 2021 - MASTERS"]
[Site "Belgrade, Hotel Metropol"]
[Date "2021.07.03"]
[Round "3.134"]
[White "Skonnord, Uno"]
[Black "Zhukenov, Aituar"]
[Result "1/2-1/2"]
[WhiteElo "2112"]
[BlackElo "2241"]
[PlyCount "62"]
[EventDate "2021.??.??"]

1. e4 g6 2. d4 d6 3. Be3 c6 4. Nc3 Bg7 5. Qd2 Nd7 6. f3 b5 7. g4 Nb6 8. b3 a5
9. a4 b4 10. Nce2 h5 11. g5 c5 12. O-O-O c4 13. d5 c3 14. Qe1 e5 15. dxe6 Bxe6
16. Nd4 Ne7 17. Nxe6 fxe6 18. Bh3 e5 19. Qf2 Rb8 20. Be6 Nc6 21. Ne2 Nd4 22.
Nxd4 exd4 23. Bxd4 Bxd4 24. Qxd4 Qxg5+ 25. Kb1 Qe5 26. Qxd6 Qxd6 27. Rxd6 Ke7
28. Rhd1 Rhf8 29. Bh3 Rxf3 30. Bg2 Rf6 31. e5 Rxd6 1/2-1/2

[Event "SERBIA CHESS OPEN 2021 - MASTERS"]
[Site "Belgrade, Hotel Metropol"]
[Date "2021.07.03"]
[Round "3.135"]
[White "Soubirou, Oriane"]
[Black "Sitnic, Adnan"]
[Result "1/2-1/2"]
[WhiteElo "2101"]
[BlackElo "2231"]
[PlyCount "91"]
[EventDate "2021.??.??"]

1. e4 Nc6 2. d4 e5 3. dxe5 Nxe5 4. Nf3 Qf6 5. Nc3 Bb4 6. Bd2 c6 7. Nxe5 Qxe5 8.
Bd3 d5 9. Qe2 d4 10. Nb1 Bc5 11. f4 Qc7 12. b4 Be7 13. O-O Nf6 14. h3 h5 15. e5
Nd5 16. a3 g6 17. c4 dxc3 18. Nxc3 Be6 19. Nxd5 Bxd5 20. Be3 g5 21. fxg5 Qxe5
22. Rae1 O-O-O 23. Bf5+ Be6 24. Bxe6+ fxe6 25. Bf4 Qxe2 26. Rxe2 Rd5 27. h4 Kd7
28. Be5 Rg8 29. Rf3 a5 30. Bc3 axb4 31. axb4 b5 32. g3 c5 33. bxc5 Bxc5+ 34.
Kg2 b4 35. Bb2 Rd1 36. Rf7+ Kd6 37. Rf6 Re8 38. g6 Bd4 39. Bxd4 Rxd4 40. g7 Rg4
41. Rf8 Ke7 42. Rxe6+ Kxe6 43. Rxe8+ Kf7 44. Rh8 b3 45. Rb8 Kxg7 46. Rxb3
1/2-1/2

[Event "SERBIA CHESS OPEN 2021 - MASTERS"]
[Site "Belgrade, Hotel Metropol"]
[Date "2021.07.03"]
[Round "3.136"]
[White "Lever, Erwan"]
[Black "Kovacevic, Radmila"]
[Result "1/2-1/2"]
[WhiteElo "2231"]
[BlackElo "2093"]
[PlyCount "77"]
[EventDate "2021.??.??"]

1. d4 e5 2. dxe5 Nc6 3. Nf3 Qe7 4. Qd5 f6 5. exf6 Nxf6 6. Qb3 d5 7. c3 Ne5 8.
Nxe5 Qxe5 9. Nd2 Bd6 10. Nf3 Qh5 11. Qa4+ Bd7 12. Qh4 Qf7 13. Bf4 Bxf4 14. Qxf4
O-O-O 15. e3 Qe6 16. Qd4 Kb8 17. Be2 Rhe8 18. O-O h6 19. a4 g5 20. Qb4 Ne4 21.
Bb5 c5 22. Bxd7 Rxd7 23. Qb5 Rf7 24. Qe2 Ref8 25. Rae1 g4 26. Nd2 Nxf2 27. e4
d4 28. cxd4 cxd4 29. Qc4 Qb6 30. a5 Qxb2 31. Re2 d3 32. Rexf2 Rxf2 33. Rxf2
Rxf2 34. Qg8+ Kc7 35. Qc4+ Kb8 36. Qg8+ Kc7 37. Qc4+ Kb8 38. Qg8+ Kc7 39. Qc4+
1/2-1/2

[Event "SERBIA CHESS OPEN 2021 - MASTERS"]
[Site "Belgrade, Hotel Metropol"]
[Date "2021.07.03"]
[Round "3.137"]
[White "Garabetyan, Arno"]
[Black "Grezels, Florian"]
[Result "0-1"]
[WhiteElo "2096"]
[BlackElo "2219"]
[PlyCount "54"]
[EventDate "2021.??.??"]

1. d4 Nf6 2. c4 e6 3. Nc3 Bb4 4. Bd2 O-O 5. Nf3 b6 6. e3 Bxc3 7. Bxc3 Ne4 8.
Rc1 Bb7 9. Bd3 d6 10. Bxe4 Bxe4 11. d5 e5 12. Nd2 Bd3 13. Qg4 f5 14. Qh5 Nd7
15. b3 Rf6 16. Qd1 Rg6 17. g3 b5 18. cxb5 f4 19. Nc4 Nc5 20. b4 Bxc4 21. bxc5
fxe3 22. fxe3 Qg5 23. Bd2 Bxb5 24. Qb3 Ba6 25. Qa4 dxc5 26. Rxc5 Qf5 27. Qd1
Rf8 0-1

[Event "SERBIA CHESS OPEN 2021 - MASTERS"]
[Site "Belgrade, Hotel Metropol"]
[Date "2021.07.03"]
[Round "3.138"]
[White "Gokcek, Kursat Bugra"]
[Black "Papadopoulos, Panayotis"]
[Result "1-0"]
[WhiteElo "2089"]
[BlackElo "2216"]
[PlyCount "95"]
[EventDate "2021.??.??"]

1. d4 Nf6 2. Nf3 d5 3. Bf4 c5 4. e3 Nc6 5. c3 e6 6. Nbd2 cxd4 7. exd4 Nh5 8.
Be3 Bd6 9. Ne5 g6 10. Bb5 Bd7 11. Nxd7 Qxd7 12. O-O O-O 13. Nf3 a6 14. Bd3 Qc7
15. Re1 Bf4 16. Bxf4 Qxf4 17. Ne5 Nxe5 18. Rxe5 Ng7 19. g3 Qf6 20. Qd2 Nf5 21.
Rf1 Kg7 22. g4 Nd6 23. f4 Nc4 24. Bxc4 dxc4 25. f5 exf5 26. gxf5 g5 27. Rfe1
Kh8 28. R1e3 Rg8 29. Qe2 Rac8 30. Rh3 g4 31. Rh5 Rg5 32. Rxg5 Qxg5 33. d5 Rg8
34. Qxc4 f6 35. Re1 g3 36. h4 Qxf5 37. Qf1 Qg6 38. Kg2 f5 39. Qf4 Qb6 40. Qe5+
Rg7 41. Re2 Qd8 42. Qxf5 h6 43. Re6 Qxh4 44. Re8+ Rg8 45. Qe5+ Kh7 46. Re7+ Kg6
47. Qe6+ Kh5 48. Qf7+ 1-0

[Event "SERBIA CHESS OPEN 2021 - MASTERS"]
[Site "Belgrade, Hotel Metropol"]
[Date "2021.07.03"]
[Round "3.139"]
[White "Andrijevic, Milan"]
[Black "Demchenko, Svitlana"]
[Result "1/2-1/2"]
[WhiteElo "2207"]
[BlackElo "2089"]
[PlyCount "111"]
[EventDate "2021.??.??"]

1. e4 c5 2. Nf3 e6 3. d4 cxd4 4. Nxd4 Bc5 5. Nb3 Bb6 6. Bd3 Ne7 7. Bg5 Nbc6 8.
Nc3 f6 9. Bh4 O-O 10. Qd2 d5 11. exd5 Nxd5 12. Nxd5 Qxd5 13. O-O-O Qh5 14. Bg3
e5 15. Be4 Be6 16. Bd5 Bxd5 17. Qxd5+ Kh8 18. f3 Rac8 19. a3 Rfd8 20. Qb5 Qg6
21. Rxd8+ Nxd8 22. Qe2 Ne6 23. Rd1 h5 24. Kb1 h4 25. Bxh4 Nf4 26. Qe4 Qxe4 27.
fxe4 Nxg2 28. Bg3 Ne3 29. Re1 Rd8 30. Bf2 Nc4 31. Bxb6 Nxb6 32. Re2 Rd1+ 33.
Ka2 Nc4 34. Nc5 b6 35. Nd3 Rd2 36. Rxd2 Nxd2 37. Nf2 g6 38. b3 f5 39. Kb2 fxe4
40. Kc1 Nf3 41. Ng4 Kg7 42. Kd1 g5 43. Ke2 Kg6 44. Ke3 Kh5 45. Nf6+ Kh4 46.
Kxe4 g4 47. Nxg4 Kxg4 48. h3+ Kg3 49. h4 Nxh4 50. Kxe5 Kf3 51. c4 Ke3 52. Kd5
Kd3 53. Kc6 Kc3 54. Kb7 Kxb3 55. Kxa7 Kxc4 56. Kxb6 1/2-1/2

[Event "SERBIA CHESS OPEN 2021 - MASTERS"]
[Site "Belgrade, Hotel Metropol"]
[Date "2021.07.03"]
[Round "3.140"]
[White "Shoshin, Kirill"]
[Black "Vulinovic, Radivoje"]
[Result "0-1"]
[WhiteElo "2001"]
[BlackElo "2201"]
[PlyCount "108"]
[EventDate "2021.??.??"]

1. d4 d5 2. c4 e6 3. Nc3 Be7 4. cxd5 exd5 5. Bf4 c6 6. e3 Bd6 7. Bxd6 Qxd6 8.
Bd3 Ne7 9. Qc2 g6 10. O-O-O Bf5 11. Bxf5 Nxf5 12. e4 Ne7 13. exd5 cxd5 14. Nb5
Qf4+ 15. Kb1 Nbc6 16. Ne2 Qb8 17. g4 a6 18. Nbc3 Qd6 19. h4 h5 20. gxh5 gxh5
21. a3 O-O-O 22. Rh3 Qf6 23. Nc1 Kb8 24. Nb3 Rhg8 25. Rdd3 Rg4 26. Rdf3 Qe6 27.
Re3 Qg6 28. Qxg6 fxg6 29. Ne2 Nf5 30. Re6 Rf8 31. Nc5 Ka7 32. Rf3 Rh8 33. Rf4
Ncxd4 34. Re5 Nxe2 35. Rxg4 hxg4 36. Rxe2 Rxh4 37. Re6 Rh6 38. Rf6 d4 39. a4 a5
40. Ka2 g3 41. fxg3 Nxg3 42. Rf7 Kb6 43. Nd7+ Kc6 44. Ne5+ Kd5 45. Nd3 b6 46.
Rf6 b5 47. axb5 Kc4 48. Rxg6 Rxg6 49. Ne5+ Kxb5 50. Nxg6 d3 51. Nf4 d2 52. Nd5
Kc4 53. Nc3 Ne4 54. Nd1 Kd3 0-1

[Event "SERBIA CHESS OPEN 2021 - MASTERS"]
[Site "Belgrade, Hotel Metropol"]
[Date "2021.07.03"]
[Round "3.141"]
[White "Djukic, Sandra"]
[Black "Stojkovic, Nenad P"]
[Result "0-1"]
[WhiteElo "2172"]
[BlackElo "2081"]
[PlyCount "64"]
[EventDate "2021.??.??"]

1. d4 d5 2. c4 c6 3. Nf3 Nf6 4. e3 e6 5. Bd3 dxc4 6. Bxc4 b5 7. Bd3 a6 8. O-O
Nbd7 9. a4 b4 10. Nbd2 c5 11. Qe2 Bb7 12. a5 Be7 13. Nc4 O-O 14. Rd1 Qc7 15.
Nfe5 Rfd8 16. Bd2 cxd4 17. exd4 Nxe5 18. dxe5 Nd5 19. Rac1 Qd7 20. Be4 Qb5 21.
Qh5 Nf6 22. exf6 Qxh5 23. Bxb7 Bxf6 24. Bxa8 Rxa8 25. Bxb4 Rc8 26. b3 h6 27.
Rd3 Qb5 28. Bd2 Qf5 29. Rf3 Qd5 30. Re1 Rxc4 31. bxc4 Qxd2 32. Rb1 Qxa5 0-1

[Event "SERBIA CHESS OPEN 2021 - MASTERS"]
[Site "Belgrade, Hotel Metropol"]
[Date "2021.07.03"]
[Round "3.142"]
[White "Katic, Goran"]
[Black "Rozman, Monika"]
[Result "1/2-1/2"]
[WhiteElo "1963"]
[BlackElo "2151"]
[PlyCount "100"]
[EventDate "2021.??.??"]

1. e4 e5 2. Nf3 Nc6 3. Nc3 Nf6 4. a3 g6 5. d4 exd4 6. Nxd4 Bg7 7. Nxc6 dxc6 8.
Qxd8+ Kxd8 9. Bg5 h6 10. O-O-O+ Bd7 11. Bh4 g5 12. Bg3 Nh5 13. Bc4 Nxg3 14.
hxg3 Ke7 15. f3 Rad8 16. g4 Be5 17. Ne2 b5 18. Bb3 f6 19. c3 c5 20. Rh5 Rh7 21.
Rdh1 Rdh8 22. Kd2 a5 23. Bc2 Be6 24. Bd3 c6 25. Ke3 c4 26. Bc2 Kf7 27. g3 Kg6
28. Nd4 Bd7 29. Nf5 Bxf5 30. gxf5+ Kg7 31. f4 Bc7 32. Kf3 gxf4 33. gxf4 Rd8 34.
e5 Rd2 35. R1h2 Rxh2 36. Rxh2 Kf7 37. e6+ Ke7 38. Rg2 h5 39. Be4 Kd6 40. Rg6 h4
41. Rxf6 h3 42. Rf7 Rxf7 43. exf7 Ke7 44. Kg3 c5 45. Bc6 h2 46. Kxh2 Bxf4+ 47.
Kg2 Bc1 48. Bxb5 Bxb2 49. a4 Kxf7 50. Bxc4+ Kf6 1/2-1/2